NOKO - pokračovatelia päťdesiatročnej tradície Konzervári v Novom Meste nad Váhom zužujú špecializáciu

NOKO, spoločnosť s ručením obmedzeným, vznikla po privatizácii štátneho podniku Slovlik v novembri 1992. Výrobný program konzervárne. Produkcia sirupov, konzervovanie zeleniny, ovocia. Budovanie nového systému riadenia, zvýšenie orientácie na zákazníka. Vývoz produktov firmy do zahraničia.

Uložené v:
Podrobná bibliografia
Hlavný autor: Seewaldová, A.
Médium: Kapitola
Jazyk:Slovak
Predmet:
Tagy: Pridať tag
Žiadne tagy, Buďte prvý, kto otaguje tento záznam!

MARC

LEADER 00000naa a2200000 4500
001 r018558
005 20221213100513.4
041 0 |a slo 
044 |a SK 
245 1 0 |a NOKO - pokračovatelia päťdesiatročnej tradície  |b Konzervári v Novom Meste nad Váhom zužujú špecializáciu  |c A. Seewaldová 
520 |a NOKO, spoločnosť s ručením obmedzeným, vznikla po privatizácii štátneho podniku Slovlik v novembri 1992. Výrobný program konzervárne. Produkcia sirupov, konzervovanie zeleniny, ovocia. Budovanie nového systému riadenia, zvýšenie orientácie na zákazníka. Vývoz produktov firmy do zahraničia. 
610 2 0 |a NOKO, s.r.o. Nové Mesto nad Váhom 
610 2 0 |a programy výrobné 
610 2 0 |a nápoje nealkoholické 
610 2 0 |a vývoz 
610 2 0 |a priemysel konzervárenský 
610 2 0 |a ovocie 
610 2 0 |a zelenina 
100 1 |a Seewaldová, A.